000 00534nam a2200193 a 4500
001 1770381888744
003 YourLibrary
005 20260206181647.0
008 260206s1992##################000#0#eng##
020 _a9780333553282
082 0 4 _a306.0947
_bJOY
100 1 _aJoyce, Walter,
_eauthor.
245 1 0 _aSocial Change and Social Issues in the Former USSR :
260 _bPalgrave Macmillan,
_c1992.
300 _a162 pages
650 0 _aSports & Recreation.
942 _cENGLISH
040 _aYourLibrary
_beng
_cYourLibrary
999 _c610741
_d610741